000 00686cam a22002055a 4500
001 L150590
008 100802e20100730xxk 000 0 eng d
035 _a(Sirsi) u150590
041 0 _aeng
100 1 _aRawlinson, Simon
245 0 0 _aCost model
_bpart L
260 _c2010
490 _aBuilding
_v275 (8640) 30 July 2010, 66-73(8)
520 _aThe approaching changes to Part L will speed up the low-carbon agenda; draws comparison with Part L 2006; examines the main changes to the regulations; design challenges; procurement implications; cost models.
590 _aKA
651 4 _aUnited Kingdom
_y
690 _aBUILT ENVIRONMENT
710 _aJames, Roy
942 _n0
999 _c82575
_d82575